[Event "Candidats demi-finale"]
[Site "?"]
[Date "1989.??.??"]
[Round "?"]
[White "Youssoupov"]
[Black "Karpov, An"]
[Result "0-1"]
[WhiteElo "2610"]
[BlackElo "2755"]
[PlyCount "138"]
[EventDate "1989.??.??"]
[Source "www.chesslib.no"]
[SourceDate "2004.05.04"]

1. d4 Nf6 2. c4 e6 3. Nc3 Bb4 4. e3 O-O 5. Bd3 c5 6. a3 Bxc3+ 7. bxc3 Nc6 8. Ne2 b6 9. e4 Ne8 10. O-O Ba6 11. f4 f5 12. Ng3 g6 13. Be3 Nd6 14. exf5 Nxc4 15. Bxc4 Bxc4 16. fxg6 Bxf1 17. Qh5 Qe7 18. Rxf1 hxg6 19. Qxg6+ Qg7 20. Qd3 cxd4 21. cxd4 Qh7 22. Qb5 a6 23. Qb3 Ne7 24. Rf3 Rac8 25. Qxb6 Rc6 26. Qa5 Nd5 27. Nf1 Qf5 28. Qe1 Rb8 29. Qh4 Kf7 30. h3 Rc3 31. Kh2 Rg8 32. Ng3 Qf6 33. Qh5+ Qg6 34. Qe5 Qg7 35. Qd6 Ke8 36. f5 Qe7 37. Qb8+ Qd8 38. Qe5 Qc7 39. Qxc7 Rxc7 40. fxe6 dxe6 41. Ne4 Rc2 42. Bd2 a5 43. Rb3 Kd7 44. Rb5 Ra8 45. a4 Kc6 46. h4 Rc4 47. Rc5+ Rxc5 48. dxc5 Nb4 49. h5 Kd5 50. Nf6+ Ke5 51. Bc3+ Kf4 52. g4 Rd8 53. h6 Kg5 54. h7 Kg6 55. Kg3 Nc6 56. Kf4 Kg7 57. g5 Rd3 58. Be5 Rd1 59. g6 Rf1+ 60. Kg5 Nxe5 61. Nh5+ Kh8 62. Kh6 Ng4+ 63. Kg5 Rg1 64. Nf4 Ne3+ 65. Kf6 Nd5+ 66. Nxd5 exd5 67. Ke5 Rd1 68. c6 d4 69. c7 Rc1 0-1

[Event "Ch Bosnia & Herzegovina (team)"]
[Site "Vogosca (Bosnia & Herzegovina"]
[Date "2007.06.09"]
[Round "8"]
[White "Sedlak Nikola (SCG)"]
[Black "Balogh Csaba (HUN)"]
[Result "1/2-1/2"]
[WhiteElo "2575"]
[BlackElo "2617"]
[PlyCount "44"]
[EventDate "2007.??.??"]
[Source "www.chesslib.no"]
[SourceDate "2004.05.04"]

1. d4 Nf6 2. c4 e6 3. Nc3 Bb4 4. a3 Bxc3+ 5. bxc3 c5 6. e3 O-O 7. Bd3 Nc6 8. Ne2 b6 9. O-O Ba6 10. e4 Ne8 11. f4 f5 12. exf5 exf5 13. dxc5 bxc5 14. Be3 d6 15. Rb1 Qd7 16. Qa4 Bb7 17. Ng3 g6 18. Rfd1 Nf6 19. Be2 Qe7 20. Bf2 Nd8 21. Rb2 Ne6 22. Rdb1 Be4 1/2-1/2

[Event "Moscow PCA-Intel qual"]
[Site "Moscow"]
[Date "1995.??.??"]
[Round "3"]
[White "Aleksandrov, Aleksej"]
[Black "Epishin, Vladimir"]
[Result "1-0"]
[WhiteElo "2510"]
[BlackElo "2635"]
[PlyCount "105"]
[EventDate "1995.??.??"]
[Source "ChessBase"]

1. d4 Nf6 2. c4 e6 3. Nc3 Bb4 4. e3 c5 5. Bd3 Nc6 6. a3 Bxc3+ 7. bxc3 b6 8. Ne2 O-O 9. e4 Ne8 10. O-O Ba6 11. f4 f5 12. exf5 exf5 13. dxc5 bxc5 14. Be3 Qa5 15. Bf2 Nd6 16. Bc2 Rf6 17. Qd5+ Kh8 18. Bd3 Rc8 19. Qxc5 Qxc5 20. Bxc5 Bxc4 21. Bxc4 Nxc4 22. Rfd1 d6 23. Bf2 Re6 24. Nd4 Nxd4 25. Bxd4 Rc7 26. Re1 Ree7 27. Rxe7 Rxe7 28. Rb1 Kg8 29. a4 Kf7 30. Rb4 d5 31. h4 Kg6 32. Rb5 Rd7 33. Kh2 Kh5 34. Kh3 h6 35. Rb8 a5 36. Rf8 g6 37. Rc8 Nb2 38. Ra8 Nc4 39. Rb8 Rd6 40. Rh8 Rd7 41. Bf6 Nd6 42. Ra8 Ne4 43. Be5 g5 44. fxg5 hxg5 45. Rh8+ Kg6 46. h5+ Kf7 47. Rh7+ Ke6 48. Rxd7 Kxd7 49. h6 Nf2+ 50. Kg3 Ng4 51. h7 Nxe5 52. h8=Q f4+ 53. Kf2 1-0

[Event "Russian Cup f"]
[Site "Sochi"]
[Date "1997.??.??"]
[Round "4"]
[White "Aleksandrov, Aleksej"]
[Black "Voitsekhovsky, Stanislav"]
[Result "0-1"]
[WhiteElo "2660"]
[BlackElo "2480"]
[PlyCount "110"]
[EventDate "1997.09.17"]
[Source "ChessBase"]
[SourceDate "1998.01.31"]

1. d4 Nf6 2. c4 e6 3. Nc3 Bb4 4. e3 O-O 5. Bd3 c5 6. a3 Bxc3+ 7. bxc3 d6 8. Ne2 Nc6 9. O-O e5 10. e4 h6 11. d5 Ne7 12. Qc2 Ng6 13. f3 Nh5 14. g3 Qd7 15. Rf2 Qh3 16. Bd2 f5 17. Raf1 f4 18. Rg2 Bd7 19. Qc1 Rf7 20. Be1 Raf8 21. g4 Nf6 22. Kh1 Nh4 23. Rgf2 Nxf3 24. Rxf3 Qxg4 25. Nxf4 exf4 26. Rxf4 Qh5 27. Bg3 Bh3 28. Re1 Nxd5 29. Rxf7 Rxf7 30. Qd1 Qxd1 31. Rxd1 Nf4 32. Bf1 Bxf1 33. Rxf1 Ne2 34. Rd1 Nxc3 35. Rxd6 Nxe4 36. Rd8+ Kh7 37. Bb8 b6 38. Be5 Re7 39. Bb2 Rf7 40. Kg1 g5 41. a4 Kg6 42. Be5 h5 43. h3 Rf3 44. Rg8+ Kf7 45. Rg7+ Ke6 46. Bb8 Rxh3 47. Bxa7 Ra3 48. Bxb6 Rxa4 49. Bxc5 Rxc4 50. Be3 Kf5 51. Rb7 Kg4 52. Rb3 h4 53. Rd3 Rc2 54. Ba7 Ng3 55. Bf2 Rc1+ 0-1

[Event "Petroff mem op"]
[Site "St Petersburg"]
[Date "2000.02.15"]
[Round "8"]
[White "Aleksandrov, Aleksej"]
[Black "Balashov, Yuri S"]
[Result "1/2-1/2"]
[WhiteElo "2606"]
[BlackElo "2534"]
[PlyCount "67"]
[EventDate "2000.02.05"]
[Source "www.chesslib.no"]
[SourceDate "2004.05.04"]

1. d4 Nf6 2. c4 e6 3. Nc3 Bb4 4. e3 O-O 5. Bd3 c5 6. a3 Bxc3+ 7. bxc3 Nc6 8. Ne2 b6 9. e4 Ne8 10. O-O Ba6 11. f4 f5 12. exf5 exf5 13. dxc5 bxc5 14. Be3 d6 15. Bf2 Qd7 16. Ng3 g6 17. Re1 Nf6 18. Nf1 Rae8 19. Qa4 Ne5 20. Bc2 Qxa4 21. Bxa4 Ned7 22. Ne3 Re6 23. Bb5 Bb7 24. Nd5 Rxe1+ 25. Rxe1 Nxd5 26. Bxd7 Nb6 27. Re7 Bc8 28. Bc6 Rf7 29. Bh4 Bd7 30. Bf3 Rxe7 31. Bxe7 Nc8 32. Bd5+ Kg7 33. Bd8 Kf8 34. Kf2 1/2-1/2

[Event "Hrvatska 85/444"]
[Site "?"]
[Date "2002.??.??"]
[Round "?"]
[White "Cebalo, M."]
[Black "Gyimesi, Z."]
[Result "1-0"]
[WhiteElo "2548"]
[BlackElo "2580"]
[PlyCount "89"]
[EventDate "2002.??.??"]
[Source "Chess Informant"]
[SourceDate "2002.06.01"]

1. d4 Nf6 2. c4 e6 3. Nc3 Bb4 4. e3 c5 5. Bd3 Nc6 6. a3 Bxc3+ 7. bxc3 b6 8. Ne2 O-O 9. O-O Ba6 10. e4 Ne8 11. f4 f5 12. d5 Na5 13. e5 Bxc4 14. Bxc4 Nxc4 15. d6 b5 16. a4 a6 17. Qd3 Rb8 18. axb5 axb5 19. Be3 Qb6 20. Nc1 g5 21. Nb3 Rc8 22. Qe2 Kh8 23. Bc1 Ng7 24. fxg5 Qc6 25. Bf4 Qe4 26. Qxe4 fxe4 27. g4 e3 28. Bg3 e2 29. Rf6 Ne3 30. h3 Rfd8 31. Rf3 Nd5 32. Re1 c4 33. Nd4 b4 34. cxb4 c3 35. Nc2 Ra8 36. Rxe2 Ra2 37. Ref2 Kg8 38. h4 Rb8 39. h5 Nxb4 40. Nxb4 Rxf2 41. Kxf2 Rxb4 42. Rxc3 Rxg4 43. Rc8+ Kf7 44. g6+ hxg6 45. h6 1-0

[Event "ARM-ch 63rd"]
[Site "Yerevan"]
[Date "2003.09.24"]
[Round "9"]
[White "Yegiazarian, Arsen"]
[Black "Sargissian, Gabriel"]
[Result "1/2-1/2"]
[WhiteElo "2524"]
[BlackElo "2600"]
[PlyCount "70"]
[EventDate "2003.09.16"]
[Source "ChessBase"]
[SourceDate "2003.10.22"]

1. d4 Nf6 2. c4 e6 3. Nc3 Bb4 4. e3 O-O 5. Bd3 c5 6. a3 Bxc3+ 7. bxc3 Nc6 8. e4 cxd4 9. cxd4 Nxd4 10. e5 Qa5+ 11. Kf1 Ne8 12. Bxh7+ Kxh7 13. Qxd4 d6 14. exd6 e5 15. Qd3+ e4 16. Qd4 Nxd6 17. Qxd6 Rd8 18. Qb4 Rd1+ 19. Ke2 Qh5+ 20. f3 exf3+ 21. gxf3 Rxg1 22. Rxg1 Qxh2+ 23. Kd1 Qxg1+ 24. Kc2 Bf5+ 25. Kb3 Qd1+ 26. Ka2 Qxf3 27. Bb2 a5 28. Qd2 Qg4 29. Qh2+ Kg8 30. Rh1 f6 31. Qh8+ Kf7 32. Qxa8 Qxc4+ 33. Ka1 Be6 34. Qxb7+ Kg8 35. Qa8+ Kf7 1/2-1/2

[Event "RUS-Cup"]
[Site "Minsk"]
[Date "2000.??.??"]
[Round "3"]
[White "Aleksandrov, Aleksej"]
[Black "Yegiazarian, Arsen"]
[Result "1-0"]
[WhiteElo "2606"]
[BlackElo "2513"]
[PlyCount "66"]
[EventDate "2000.??.??"]
[Source "www.chesslib.no"]
[SourceDate "2004.05.04"]

1. d4 Nf6 2. c4 e6 3. Nc3 Bb4 4. e3 c5 5. Bd3 O-O 6. a3 Bxc3+ 7. bxc3 b6 8. Ne2 Nc6 9. e4 Ne8 10. O-O Ba6 11. f4 f5 12. Ng3 g6 13. Be3 cxd4 14. cxd4 d5 15. cxd5 Bxd3 16. Qxd3 fxe4 17. Qxe4 Qxd5 18. Qxd5 exd5 19. Rac1 Na5 20. f5 Nd6 21. Bg5 Rf7 22. Rce1 Nac4 23. h4 gxf5 24. Rf3 a5 25. Re6 a4 26. Nh5 Ne4 27. Nf6+ Nxf6 28. Bxf6 b5 29. Rg3+ Kf8 30. Bg5 Rg7 31. Rf3 Kg8 32. Re1 b4 33. axb4 a3 1-0

[Event "RUS-ch51"]
[Site "St Petersburg"]
[Date "1998.08.04"]
[Round "8"]
[White "Balashov, Yuri S"]
[Black "Aseev, Konstantin N"]
[Result "1/2-1/2"]
[WhiteElo "2580"]
[BlackElo "2525"]
[PlyCount "40"]
[EventDate "1998.07.28"]
[Source "ChessBase"]
[SourceDate "1998.11.30"]

1. d4 Nf6 2. c4 e6 3. Nc3 Bb4 4. e3 c5 5. Bd3 Nc6 6. a3 Bxc3+ 7. bxc3 O-O 8. Ne2 b6 9. e4 Ne8 10. O-O Ba6 11. f4 f6 12. Qa4 Na5 13. dxc5 bxc5 14. Rd1 Qc7 15. f5 e5 16. Ng3 Nd6 17. Be2 Ndxc4 18. Bxc4+ Bxc4 19. Rxd7 Qb6 20. Qd1 Rad8 1/2-1/2

[Event "GRE-GEO Match m"]
[Site "Athens"]
[Date "2003.09.23"]
[Round "5"]
[White "Halkias, Stelios"]
[Black "Izoria, Zviad"]
[Result "1/2-1/2"]
[WhiteElo "2560"]
[BlackElo "2541"]
[PlyCount "66"]
[EventDate "2003.09.18"]
[Source "Roberto Alvarez"]
[SourceDate "2003.09.29"]

1. d4 Nf6 2. c4 e6 3. Nc3 Bb4 4. e3 O-O 5. Bd3 c5 6. a3 Bxc3+ 7. bxc3 Nc6 8. Ne2 b6 9. O-O Ba6 10. e4 Ne8 11. f4 f6 12. f5 Nd6 13. Rf3 cxd4 14. cxd4 Bxc4 15. a4 Bxd3 16. Qxd3 Re8 17. Ba3 Nf7 18. fxe6 dxe6 19. Raf1 Qd7 20. Rg3 Rad8 21. Bb2 Kh8 22. Nf4 Nxd4 23. Rxg7 Kxg7 24. Nh5+ Kh8 25. Nxf6 Qxa4 26. Nxe8 e5 27. Nc7 Rd7 28. Nd5 Qb5 29. Qxb5 Nxb5 30. Rf5 Kg7 31. h4 Nbd6 32. Bxe5+ Nxe5 33. Rxe5 Nxe4 1/2-1/2

[Event "Biel MTO"]
[Site "?"]
[Date "2003.??.??"]
[Round "5"]
[White "Shariyazdanov Andrey"]
[Black "Riazantsev Alexander"]
[Result "1/2-1/2"]
[WhiteElo "2565"]
[BlackElo "2533"]
[PlyCount "23"]
[EventDate "2003.??.??"]
[Source "www.chesslib.no"]
[SourceDate "2004.05.04"]

1. c4 Nf6 2. d4 e6 3. Nc3 Bb4 4. e3 O-O 5. Bd3 c5 6. a3 Bxc3+ 7. bxc3 Nc6 8. Ne2 b6 9. e4 Ne8 10. Be3 Ba6 11. O-O Na5 12. dxc5 1/2-1/2

[Event "Minsk"]
[Site "Minsk"]
[Date "1982.??.??"]
[Round "?"]
[White "Balashov, Yuri S"]
[Black "Inkiov, Ventzislav"]
[Result "1-0"]
[WhiteElo "2595"]
[BlackElo "2495"]
[PlyCount "55"]
[EventDate "1982.05.??"]
[Source "ChessBase"]

1. d4 Nf6 2. c4 e6 3. Nc3 Bb4 4. e3 c5 5. Bd3 Nc6 6. a3 Bxc3+ 7. bxc3 d6 8. Ne2 e5 9. O-O O-O 10. e4 h6 11. d5 Ne7 12. f3 a6 13. a4 Rb8 14. Be3 Bd7 15. Qd2 Ng6 16. Ng3 Nh7 17. Rfb1 Re8 18. a5 b6 19. axb6 Rxb6 20. Rxb6 Qxb6 21. Rb1 Qc7 22. Qb2 a5 23. Qb6 Qxb6 24. Rxb6 Nf6 25. Rxd6 Nf4 26. Bxf4 exf4 27. Ne2 a4 28. Ra6 1-0

[Event "Open, Batumi GEO"]
[Site "?"]
[Date "2001.??.??"]
[Round "4"]
[White "Aleksandrov, A."]
[Black "Supatashvili, K."]
[Result "0-1"]
[WhiteElo "2610"]
[BlackElo "2465"]
[PlyCount "168"]
[EventDate "2001.??.??"]
[Source "www.chesslib.no"]
[SourceDate "2004.05.04"]

1. d4 Nf6 2. c4 e6 3. Nc3 Bb4 4. e3 c5 5. Bd3 Nc6 6. a3 Bxc3+ 7. bxc3 O-O 8. Ne2 b6 9. e4 Ne8 10. O-O Ba6 11. f4 f6 12. e5 Rc8 13. d5 Na5 14. Ng3 Bxc4 15. Bxc4 Nxc4 16. dxe6 dxe6 17. Qb3 Qd5 18. Rd1 Na5 19. Qxd5 exd5 20. e6 f5 21. Rxd5 g6 22. e7 Rf6 23. Rd8 Rfc6 24. Ra2 Kf7 25. Re2 R8c7 26. Nf1 Nc4 27. Kf2 Rxe7 28. Rxe7+ Kxe7 29. Ra8 Rc7 30. a4 Rd7 31. Ne3 Ned6 32. Nxc4 Nxc4 33. Ke2 Ke6 34. h3 Nd6 35. Kd3 Kd5 36. g4 c4+ 37. Kc2 Ke4 38. gxf5 Nxf5 39. a5 bxa5 40. Rc8 Kf3 41. Rxc4 Kg3 42. Rc8 Kxh3 43. c4 Kg4 44. Ba3 Kxf4 45. c5 Nd4+ 46. Kb2 Rb7+ 47. Kc1 Nb5 48. c6 Rf7 49. Bc5 Ke5 50. Rb8 a6 51. Bb6 Kd6 52. Bxa5 Kxc6 53. Rb6+ Kd5 54. Rxa6 Ra7 55. Rxa7 Nxa7 56. Kd2 Ke4 57. Ke2 Nc6 58. Bd2 Nd4+ 59. Kf2 Nf5 60. Kg2 h6 61. Bc1 g5 62. Bd2 Ne3+ 63. Kf2 Nd5 64. Kg3 Kf5 65. Kf3 h5 66. Bc1 Nf4 67. Ba3 g4+ 68. Kg3 Ng6 69. Bb4 h4+ 70. Kh2 Nf4 71. Be1 Kg5 72. Bf2 Nh5 73. Be3+ Kf5 74. Bd2 Nf6 75. Ba5 Ne4 76. Bc7 Nf2 77. Kg2 Nh3 78. Bd8 Ng5 79. Bc7 Ne6 80. Bd6 Nf4+ 81. Kf2 Ke4 82. Be7 g3+ 83. Kg1 Kf3 84. Kh1 h3 0-1

[Event "otb"]
[Site "otb"]
[Date "2007.03.04"]
[Round "7"]
[White "Stefanova Antoaneta"]
[Black "Pelletier Yannick"]
[Result "1/2-1/2"]
[WhiteElo "2483"]
[BlackElo "2589"]
[PlyCount "168"]
[Source "www.chesslib.no"]
[SourceDate "2004.05.04"]

1. d4 Nf6 2. c4 e6 3. Nc3 Bb4 4. e3 O-O 5. a3 Bxc3+ 6. bxc3 c5 7. Bd3 Nc6 8. Ne2 b6 9. O-O Ba6 10. e4 Ne8 11. f4 f6 12. e5 f5 13. d5 Na5 14. d6 Bxc4 15. Bxc4 Nxc4 16. Qd3 Na5 17. c4 g6 18. Bd2 Nc6 19. Qe3 Ng7 20. Rab1 Qc8 21. a4 Qa6 22. Rfc1 Rfc8 23. a5 bxa5 24. Qxc5 Rab8 25. Rb5 Rb6 26. Be3 Nb4 27. Rxb6 axb6 28. Qxb6 Qa8 29. Ra1 Nc2 30. Rxa5 Qe4 31. Kf2 Nxe3 32. Qxe3 Qxc4 33. Qa7 Nh5 34. Ra4 Qb5 35. Qa5 Qc6 36. Ra3 Qc2 37. Qa4 Qc5+ 38. Re3 Rd8 39. Qa3 Qb6 40. Qb3 Qa7 41. Qa3 Qb6 42. Qc1 Kf7 43. Kf1 Ra8 44. Rc3 Ra4 45. Rc7 Qb5 46. Kg1 g5 47. Nc3 Qb6+ 48. Kh1 Ra7 49. Qg1 Qxg1+ 50. Kxg1 Ra1+ 51. Kf2 Nxf4 52. Rxd7+ Ke8 53. Rxh7 Ra5 54. Ke3 Ng6 55. Kd4 Nxe5 56. Re7+ Kd8 57. Rxe6 Nc6+ 58. Ke3 Kd7 59. Rg6 Re5+ 60. Kf2 g4 61. Ne2 Re6 62. Rg5 Re5 63. Rg6 Re6 64. Rg5 Re5 65. Nf4 Kxd6 66. Nd3 Rd5 67. Rg6+ Kd7 68. Rg7+ Kd6 69. Ke3 Ne5 70. Nf4 Ra5 71. Kf2 Nc4 72. Kg3 Ke5 73. Re7+ Kf6 74. Re6+ Kf7 75. Kh4 Nd2 76. Rb6 Ne4 77. Rb7+ Kf6 78. Rb6+ Ke5 79. Ng6+ Kd4 80. Ne7 Ke3 81. Rb3+ Kf2 82. Rb2+ Ke3 83. Rb3+ Kf2 84. Rb2+ Ke3 1/2-1/2

[Event "Moscow 5'"]
[Site "Moscow RUS"]
[Date "1972.??.??"]
[Round "?"]
[White "Balashov, Yuri S"]
[Black "Antoshin, Vladimir S"]
[Result "0-1"]
[WhiteElo "2560"]
[BlackElo "2510"]
[PlyCount "68"]
[EventDate "1972.??.??"]
[Source "www.chesslib.no"]
[SourceDate "2004.05.04"]

1. d4 Nf6 2. c4 e6 3. Nc3 Bb4 4. e3 O-O 5. Bd3 c5 6. a3 Bxc3+ 7. bxc3 Nc6 8. Nf3 d6 9. e4 e5 10. d5 Ne7 11. h3 Ng6 12. g3 Bd7 13. Kf1 h6 14. Kg2 Nh7 15. Qc2 Qc8 16. h4 f5 17. h5 Ne7 18. exf5 Bxf5 19. Nh4 Bxd3 20. Qxd3 Qg4 21. Ng6 Nxg6 22. hxg6 Ng5 23. Bxg5 Qxg5 24. Rab1 b6 25. a4 Rf6 26. a5 Raf8 27. Rhf1 bxa5 28. Ra1 Rxg6 29. Rxa5 Qg4 30. Rxa7 e4 31. Qd1 Rf3 32. Kh2 Rxf2+ 33. Rxf2 Qxg3+ 34. Kh1 Qxf2 0-1

[Event "Mlada Boleslav Open"]
[Site "Mlada Boleslav CZE"]
[Date "1994.??.??"]
[Round "6"]
[White "Jaracz, Pawel"]
[Black "Epishin, Vladimir V"]
[Result "1/2-1/2"]
[WhiteElo "2370"]
[BlackElo "2675"]
[PlyCount "127"]
[EventDate "1994.??.??"]
[Source "www.chesslib.no"]
[SourceDate "2004.05.04"]

1. d4 Nf6 2. c4 e6 3. Nc3 Bb4 4. e3 c5 5. a3 Bxc3+ 6. bxc3 Nc6 7. Bd3 O-O 8. Nf3 d6 9. O-O e5 10. d5 Ne7 11. e4 Ng6 12. Kh1 Bd7 13. Ng1 Rb8 14. g3 Re8 15. Qc2 h6 16. Bd2 Qc8 17. f3 Nh7 18. Rae1 Rf8 19. f4 f5 20. Nf3 exf4 21. gxf4 fxe4 22. Bxe4 Bf5 23. Rg1 Ne7 24. Nh4 Bxe4+ 25. Rxe4 Nf5 26. Ng6 Rf7 27. Be1 b5 28. cxb5 Nf6 29. Re6 Nxd5 30. Qe4 Nc7 31. Ne7+ Nxe7 32. Rxe7 Rxe7 33. Qxe7 Qb7+ 34. Rg2 Nxb5 35. Qe6+ Qf7 36. Qxh6 Re8 37. Bd2 Re2 38. Qh3 Qb7 39. a4 Na3 40. Be3 Re1+ 41. Bg1 Nc4 42. Qg4 Nd2 43. f5 Nf3 44. f6 g5 45. h3 Kf7 46. h4 Rxg1+ 47. Rxg1 Nxh4+ 48. Kh2 Nf3+ 49. Kh1 Nxg1+ 50. Kxg1 Kxf6 51. Qh5 Qb1+ 52. Kf2 Qf5+ 53. Ke2 Ke5 54. Qh8+ Qf6 55. Qg8 a5 56. c4 Qe6 57. Qxg5+ Kd4+ 58. Kd2 Kxc4 59. Kc2 Qe2+ 60. Kb1 d5 61. Ka1 d4 62. Qc1+ Kb4 63. Qb1+ Kxa4 64. Qc2+ 1/2-1/2

[Event "Espana 81/438"]
[Site "?"]
[Date "2001.??.??"]
[Round "?"]
[White "Moskalenko, V."]
[Black "Campos Moreno, J."]
[Result "1-0"]
[WhiteElo "2526"]
[BlackElo "2513"]
[PlyCount "89"]
[EventDate "2001.??.??"]
[Source "Chess Informant"]
[SourceDate "2001.02.01"]

1. d4 Nf6 2. c4 e6 3. Nc3 Bb4 4. e3 O-O 5. a3 Bxc3+ 6. bxc3 c5 7. Bd3 Nc6 8. Ne2 b6 9. e4 Ne8 10. O-O Ba6 11. f4 f5 12. d5 Na5 13. e5 Bxc4 14. Bxc4 Nxc4 15. d6 Qc8 16. Qd3 Na5 17. Bd2 c4 18. Qf3 Qb7 19. Qxb7 Nxb7 20. Be3 g6 21. Rfb1 Ng7 22. a4 Rfc8 23. Nd4 h6 24. g3 Kf7 25. Kg2 Na5 26. Kf3 Ne8 27. Ra2 Rc5 28. h3 Rd5 29. Rb5 Ng7 30. Rab2 Nc6 31. Nxc6 dxc6 32. R5b4 Ke8 33. Rxc4 Kd7 34. Rcb4 Ra5 35. Ra2 g5 36. c4 g4+ 37. hxg4 fxg4+ 38. Kxg4 Nf5 39. Bf2 c5 40. Rb5 Ra6 41. Rb1 Rg8+ 42. Kf3 h5 43. Rh1 Rh8 44. Raa1 Kc6 45. Ke4 1-0

[Event "Corr"]
[Site "?"]
[Date "2002.06.01"]
[Round "?"]
[White "Birarov Vladimir"]
[Black "Joao Nevio"]
[Result "0-1"]
[WhiteElo "2518"]
[BlackElo "2515"]
[PlyCount "72"]
[EventDate "2002.??.??"]
[Source "www.chesslib.no"]
[SourceDate "2004.05.04"]

1. d4 Nf6 2. c4 e6 3. Nc3 Bb4 4. e3 O-O 5. a3 Bxc3+ 6. bxc3 c5 7. Bd3 Nc6 8. Ne2 b6 9. e4 Ne8 10. O-O Ba6 11. f4 f5 12. d5 exd5 13. cxd5 Bxd3 14. Qxd3 fxe4 15. Qxe4 Nd6 16. Qf3 Ne5 17. Qh3 Qf6 18. g4 Nec4 19. Qd3 Rae8 20. Ng3 Na5 21. g5 Qf7 22. Rb1 c4 23. Qf3 Nf5 24. Nxf5 Qxf5 25. Be3 Re4 26. Rbd1 Rfe8 27. Bd4 d6 28. Qg3 Nb3 29. Bf2 Re2 30. Rfe1 Qc2 31. Rxe2 Qxd1+ 32. Re1 Rxe1+ 33. Bxe1 Nc5 34. Qe3 Kf7 35. h4 Qxd5 36. Bf2 Qd3 0-1

[Event "CRO-chT"]
[Site "Pula"]
[Date "2001.09.11"]
[Round "2"]
[White "Brumen, Dinko"]
[Black "Palac, Mladen"]
[Result "1/2-1/2"]
[WhiteElo "2454"]
[BlackElo "2578"]
[PlyCount "72"]
[EventDate "2001.09.10"]
[Source "ChessBase"]
[SourceDate "2001.10.26"]

1. d4 Nf6 2. c4 e6 3. Nc3 Bb4 4. e3 O-O 5. Bd3 c5 6. a3 Bxc3+ 7. bxc3 Nc6 8. Ne2 b6 9. e4 Ne8 10. O-O Ba6 11. f4 f5 12. Ng3 g6 13. Be3 cxd4 14. cxd4 d5 15. cxd5 Bxd3 16. Qxd3 fxe4 17. Qxe4 Qxd5 18. Qxd5 exd5 19. Rac1 Na5 20. f5 Nd6 21. fxg6 hxg6 22. Bd2 Nac4 23. Rxf8+ Rxf8 24. Bb4 Rf6 25. Bxd6 Rxd6 26. Ne2 b5 27. Rc3 Kf7 28. Rb3 a6 29. Nc3 Nd2 30. Rb2 Ne4 31. Nxe4 dxe4 32. Rb4 Ke6 33. a4 Rb6 34. axb5 Rxb5 35. Ra4 a5 36. Kf2 Rb3 1/2-1/2

[Event "Corr"]
[Site "?"]
[Date "2000.09.25"]
[Round "?"]
[White "Vinot Serge"]
[Black "Strautins Uldis"]
[Result "0-1"]
[WhiteElo "2520"]
[BlackElo "2503"]
[PlyCount "96"]
[EventDate "2000.??.??"]
[Source "www.chesslib.no"]
[SourceDate "2004.05.04"]

1. d4 Nf6 2. c4 e6 3. Nc3 Bb4 4. e3 O-O 5. a3 Bxc3+ 6. bxc3 c5 7. Bd3 Nc6 8. Ne2 b6 9. Ng3 Ba6 10. e4 Ne8 11. Qh5 f6 12. Be3 Rc8 13. O-O Na5 14. Rad1 cxd4 15. cxd4 Bxc4 16. f4 Nd6 17. f5 Qe8 18. Qf3 exf5 19. exf5 Qf7 20. Bf4 Nb5 21. Qg4 Rfe8 22. Bxc4 Nxc4 23. Rf3 Ncxa3 24. Nh5 Nc3 25. Rdf1 Kh8 26. Rh3 Nc2 27. Bd2 Ne2+ 28. Kh1 d5 29. Qh4 Re4 30. g4 Rxd4 31. Nf4 h6 32. Ng6+ Kg8 33. Bxh6 Qe8 34. Rhf3 Qe4 35. Bd2 Re8 36. Qh8+ Kf7 37. Qh5 Rxd2 38. g5 Ne3 39. Ne5+ Ke7 40. gxf6+ gxf6 41. Qf7+ Kd6 42. Qxf6+ Kc5 43. Qc6+ Kd4 44. Qa4+ Kxe5 45. Qxe8+ Kd4 46. Qa4+ Nc4 47. Qb3 Kc5 48. Qb1 Rc2 0-1

[Event "Alushta1"]
[Site "Alushta"]
[Date "1994.??.??"]
[Round "1"]
[White "Moskalenko, Viktor"]
[Black "Gipslis, Aivars"]
[Result "1/2-1/2"]
[WhiteElo "2535"]
[BlackElo "2480"]
[PlyCount "67"]
[EventDate "1994.01.??"]
[Source "ChessBase"]

1. d4 Nf6 2. c4 e6 3. Nc3 Bb4 4. e3 O-O 5. a3 Bxc3+ 6. bxc3 c5 7. Bd3 Nc6 8. Ne2 b6 9. e4 Ne8 10. e5 Ba6 11. Qa4 Na5 12. dxc5 Rc8 13. Be3 bxc5 14. Rd1 f5 15. exf6 Nxf6 16. O-O Bb7 17. f3 Bc6 18. Qc2 Qe7 19. Rfe1 Nb7 20. Bg5 Qf7 21. Ng3 Kh8 22. Bxf6 gxf6 23. Be4 f5 24. Bxc6 Rxc6 25. Qa4 a6 26. Rd3 Nd6 27. Red1 Qe7 28. Qc2 Rd8 29. Qe2 Nc8 30. Qe5+ Qg7 31. Qxg7+ Kxg7 32. Rxd7+ Rxd7 33. Rxd7+ Kg6 34. Ne2 1/2-1/2

[Event "1"]
[Site "Alushta1"]
[Date "1994.??.??"]
[Round "1"]
[White "Moskalenko, Viktor"]
[Black "Gipslis, Aivars P"]
[Result "1/2-1/2"]
[WhiteElo "2535"]
[BlackElo "2480"]
[PlyCount "67"]
[EventDate "1994.??.??"]
[Source "www.chesslib.no"]
[SourceDate "2004.05.04"]

1. d4 Nf6 2. c4 e6 3. Nc3 Bb4 4. e3 O-O 5. a3 Bxc3+ 6. bxc3 c5 7. Bd3 Nc6 8. Ne2 b6 9. e4 Ne8 10. e5 Ba6 11. Qa4 Na5 12. dxc5 Rc8 13. Be3 bxc5 14. Rd1 f5 15. exf6 Nxf6 16. O-O Bb7 17. f3 Bc6 18. Qc2 Qe7 19. Rfe1 Nb7 20. Bg5 Qf7 21. Ng3 Kh8 22. Bxf6 gxf6 23. Be4 f5 24. Bxc6 d6 25. Qa4 Rb8 26. Be8 a6 27. Rd5 Qc7 28. Qc2 Rf6 29. Qb2 Qa5 30. Red1 Rf7 31. Ra1 Rd7 32. Qe2 Nd8 33. Rdd1 Rb2 34. Qf2 1/2-1/2

[Event "Riga LAT"]
[Site "Riga LAT"]
[Date "1985.??.??"]
[Round "?"]
[White "Balashov, Yuri S"]
[Black "Lerner, Konstantin Z"]
[Result "1/2-1/2"]
[WhiteElo "2495"]
[BlackElo "2520"]
[PlyCount "84"]
[EventDate "1985.??.??"]
[Source "www.chesslib.no"]
[SourceDate "2004.05.04"]

1. d4 Nf6 2. c4 e6 3. Nc3 Bb4 4. e3 c5 5. a3 Bxc3+ 6. bxc3 Nc6 7. Bd3 e5 8. Ne2 d6 9. O-O O-O 10. e4 h6 11. d5 Ne7 12. f3 Ng6 13. Be3 Bd7 14. Qd2 Rb8 15. a4 b6 16. Ng3 Re8 17. Bc2 Rb7 18. Rae1 Nh7 19. Nf5 Qf6 20. g3 a5 21. Kg2 Ne7 22. Nxe7+ Qxe7 23. h4 Rf8 24. f4 f6 25. f5 Kf7 26. Bd1 Ke8 27. Bh5+ Kd8 28. Qd1 Rh8 29. Rf2 Be8 30. Rh1 Bxh5 31. Qxh5 Nf8 32. Qf3 Qe8 33. Ra1 Nd7 34. Kf1 Kc7 35. Ke2 Rb8 36. Kd3 Qf7 37. g4 Rh7 38. Rg1 Rbh8 39. Qd1 Kb7 40. Rfg2 Rc8 41. Qf3 Rch8 42. Qd1 Qf8 1/2-1/2

[Event "Moscow GM3"]
[Site "Moscow"]
[Date "1996.??.??"]
[Round "?"]
[White "Aleksandrov, Aleksej"]
[Black "Mitenkov, Alexey"]
[Result "1/2-1/2"]
[WhiteElo "2535"]
[BlackElo "2445"]
[PlyCount "130"]
[EventDate "1996.??.??"]
[Source "www.chesslib.no"]
[SourceDate "2004.05.04"]

1. d4 Nf6 2. c4 e6 3. Nc3 Bb4 4. e3 c5 5. Bd3 Nc6 6. a3 Bxc3+ 7. bxc3 O-O 8. Ne2 b6 9. e4 Ne8 10. O-O Ba6 11. f4 f5 12. exf5 exf5 13. dxc5 bxc5 14. Be3 Qe7 15. Bf2 Nc7 16. Rb1 d6 17. Ng3 g6 18. Re1 Qf7 19. Bxf5 Rad8 20. Qa4 gxf5 21. Qxc6 Bxc4 22. Rb7 Rd7 23. Rd1 Rfd8 24. Nxf5 Qxf5 25. Rxc7 Bd5 26. Rxd7 Bxc6 27. Rxd8+ Kf7 28. R8xd6 Qe4 29. Rxc6 Qxc6 30. Re1 Qf6 31. Bxc5 Qxc3 32. Bb4 Qd4+ 33. Kh1 Qxf4 34. h3 Qf2 35. Rc1 Ke6 36. Bc5 Qd2 37. Rf1 a5 38. Bg1 h5 39. Rf3 a4 40. Bf2 Qd1+ 41. Kh2 Kd5 42. Rf5+ Ke6 43. Rf3 Qd6+ 44. Bg3 Qd1 45. Re3+ Kf5 46. Rc3 Kf6 47. h4 Kf5 48. Rc5+ Kg6 49. Rc6+ Kf5 50. Rh6 Qe2 51. Rh8 Qd1 52. Rf8+ Ke6 53. Re8+ Kf7 54. Re3 Kf6 55. Rc3 Kf5 56. Rc5+ Kg6 57. Rg5+ Kf6 58. Bf4 Kf7 59. Rf5+ Ke6 60. Re5+ Kf6 61. Re3 Kf5 62. Rf3 Ke6 63. Bg3 Ke7 64. Rf4 Ke6 65. Rb4 Kf5 1/2-1/2

[Event "2nd Misr Closed"]
[Site "Ismailia"]
[Date "2004.08.16"]
[Round "1"]
[White "Abdel Razik, Khaled"]
[Black "Komarov, Dimitri"]
[Result "1/2-1/2"]
[WhiteElo "2410"]
[BlackElo "2567"]
[PlyCount "45"]
[EventDate "2004.08.16"]
[Source "Roberto Alvarez"]
[SourceDate "2004.09.06"]

1. d4 Nf6 2. c4 e6 3. Nc3 Bb4 4. e3 O-O 5. a3 Bxc3+ 6. bxc3 c5 7. Bd3 Nc6 8. Ne2 b6 9. e4 Ne8 10. O-O Ba6 11. f4 f5 12. e5 d6 13. d5 exd5 14. cxd5 Bxd3 15. Qxd3 dxe5 16. fxe5 Nxe5 17. Qd1 Ng6 18. Nf4 Nxf4 19. Bxf4 Nf6 20. c4 Ne4 21. a4 Qd7 22. Qd3 Rac8 23. Rfb1 1/2-1/2